000 00565cam a2200205 4500
001 3592915
005 20180220035935.0
008 680301s1968 pauac b 000 0 eng
010 _a 68010410
040 _aDLC
_cDLC
_dDLC
041 _aeng
080 _a616.4
082 0 0 _a616.4 WIL
100 _a4
101 _aSHM
245 1 0 _aTextbook of endocrinology,
_cedited by Robert H. Williams. With contributions by twenty-four authorities.
504 _aIncludes bibliographies.
906 _a7
_bcbc
_corignew
_du
_encip
_f19
_gy-gencatlg
942 _2ddc
_cBK
999 _c42882
_d42882